Loading...
| Science - Biology | 0 | 4 | 2 | 0 | 30 | 65 | 88.00 | 1 | 3 | 10.04 | 26.36 |
| Fine Arts - Painting and Sculpture | 0 | 1 | 0 | 1 | 10 | 134 | 134.00 | 0 | 0 | 0.00 | 0.91 |
| Literature - World | 0 | 1 | 0 | 1 | 10 | 131 | 131.00 | 0 | 0 | 0.07 | 0.91 |
| History - Other | 0 | 1 | 0 | 1 | 10 | 121 | 121.00 | 0 | 0 | 0.00 | 1.82 |
| Literature - British | 0 | 1 | 0 | 0 | 10 | 62 | 62.00 | 0 | 1 | 4.95 | 6.36 |
| Social Science | 0 | 1 | 1 | 0 | 5 | 95 | 95.00 | 0 | 1 | 2.34 | 6.36 |
| Science - Chemistry | 0 | 1 | 1 | 0 | 5 | 117 | 117.00 | 0 | 0 | 0.23 | 2.73 |
| Literature - European | 0 | 0 | 0 | 0 | 0 | 0.00 | 0 | 0 | 0.00 | 0.00 | |
| Fine Arts - Other | 0 | 0 | 0 | 0 | 0 | 0.00 | 0 | 0 | 0.00 | 0.00 | |
| Fine Arts - Classical Music | 0 | 1 | 2 | 0 | 0 | 132 | 132.00 | 0 | 1 | 0.00 | 1.82 |
| Science - Physics | 0 | 0 | 0 | 0 | 0 | 0.00 | 0 | 0 | 0.00 | 0.00 |